000 00444nam a2200181Ia 4500
001 14794
005 20260306164940.0
008 260306t2004||||xx |||||||||||||| ||spa||
041 _aESP
082 _a519.3
_bB73
100 _aBonifaz F., José Luis
_eAUT
245 0 _aOptimización dinámica y teoría económica
260 _c2004
300 _a209 páginas :
_c20 cm.
650 _aGEN
654 _aCMA
942 _cLIB
_dJUS
_fJUS
_2ddc
_n
999 _c14794
_d14794